[Event "Cheliabinsk EKRO Cup 11th"]
[Site "Cheliabinsk"]
[Date "2012.05.09"]
[Round "8"]
[White "Markov, Igor"]
[Black "Nikolaev, Evgeny"]
[Result "1/2-1/2"]
[WhiteElo "1767"]
[BlackElo "2276"]
[PlyCount "28"]
[EventDate "2012.05.02"]
[EventType "swiss"]
[EventRounds "9"]
[EventCountry "RUS"]
[SourceTitle "CBM 148 Extra"]
[Source "ChessBase"]
[SourceDate "2012.06.22"]
[SourceVersion "1"]
[SourceVersionDate "2012.06.22"]
[SourceQuality "1"]

1. e4 e5 2. Nf3 Nc6 3. Bb5 a6 4. Ba4 Nf6 5. 0-0 Be7 6. Re1 d6 7. c3 b5 8. Bb3 0-0 9. h3 Re8 10. Ng5 Rf8 11. Nf3 Re8 12. Ng5 Rf8 13. Nf3 Re8 14. Ng5 Rf8 1/2-1/2

[Event "Cheliabinsk Panchenko Memorial 1st"]
[Site "Cheliabinsk"]
[Date "2009.10.13"]
[Round "9"]
[White "Nikolaev, Evgeny"]
[Black "Protasov, Valery"]
[Result "0-1"]
[WhiteElo "2290"]
[BlackElo "2026"]
[PlyCount "48"]
[EventDate "2009.10.06"]
[EventType "swiss"]
[EventRounds "9"]
[EventCountry "RUS"]
[SourceTitle "EXT 2010"]
[Source "ChessBase"]
[SourceDate "2010.11.25"]
[SourceVersion "1"]
[SourceVersionDate "2010.11.25"]
[SourceQuality "1"]

1. e4 e5 2. f4 exf4 3. Nf3 g6 4. d4 Bg7 5. Bxf4 Ne7 6. Bd3 c5 7. c3 cxd4 8. cxd4 Qb6 9. Qb3 Bxd4 10. Qxb6 Bxb6 11. Nc3 Nbc6 12. 0-0-0 0-0 13. h4 Nd4 14. Bc4 Ne6 15. Bh6 Re8 16. h5 Bc7 17. hxg6 Nxg6 18. Nd5 Bd8 19. Rh2 b6 20. Rdh1 Bb7 21. Be2 Nef8 22. Bg5 Rxe4 23. Be3 Rc8+ 24. Kb1 Bxd5 0-1

[Event "RUS-chT Clubs U18"]
[Site "Rybinsk"]
[Date "2009.08.06"]
[Round "5"]
[White "Nikolaev, Evgeny"]
[Black "Omariev, Maksim"]
[Result "0-1"]
[WhiteElo "2290"]
[BlackElo "2243"]
[PlyCount "68"]
[EventDate "2009.08.02"]
[EventType "team-swiss"]
[EventRounds "9"]
[EventCountry "RUS"]
[SourceTitle "CBM 131 Extra"]
[Source "ChessBase"]
[SourceDate "2009.09.03"]
[SourceVersion "2"]
[SourceVersionDate "2009.09.16"]
[SourceQuality "1"]

1. d4 d5 2. c4 e6 3. Nc3 Be7 4. cxd5 exd5 5. e3 Nf6 6. Bd3 0-0 7. Nge2 b6 8. 0-0 Bb7 9. f3 c5 10. Bd2 Nbd7 11. Rc1 Re8 12. Qe1 a6 13. a4 Bf8 14. Qf2 g6 15. Ng3 Bg7 16. Bb1 Rc8 17. Nce2 Bh6 18. Nf4 Nf8 19. Nd3 Ne6 20. Ne5 Bg7 21. f4 Qd6 22. h4 cxd4 23. Rxc8 Rxc8 24. exd4 Ne4 25. Bxe4 dxe4 26. f5 Nxd4 27. fxg6 Qxe5 28. Qxf7+ Kh8 29. Qxb7 Rb8 30. Qxa6 Nf3+ 31. Rxf3 exf3 32. Kh2 Qd4 33. Qa7 Qxh4+ 34. Kg1 Qxg3 0-1

[Event "RUS-chT Clubs U18"]
[Site "Rybinsk"]
[Date "2009.08.03"]
[Round "2"]
[White "Shimanov, Aleksandr"]
[Black "Nikolaev, Evgeny"]
[Result "1/2-1/2"]
[WhiteElo "2516"]
[BlackElo "2290"]
[PlyCount "172"]
[EventDate "2009.08.02"]
[EventType "team-swiss"]
[EventRounds "9"]
[EventCountry "RUS"]
[SourceTitle "CBM 131 Extra"]
[Source "ChessBase"]
[SourceDate "2009.09.03"]
[SourceVersion "2"]
[SourceVersionDate "2009.09.16"]
[SourceQuality "1"]

1. e4 c5 2. Nf3 Nc6 3. Nc3 g6 4. Bb5 Bg7 5. Bxc6 dxc6 6. h3 e5 7. d3 Ne7 8. Be3 b6 9. Qd2 h6 10. Nh2 Be6 11. Rd1 Qd7 12. 0-0 g5 13. Ne2 f6 14. a3 Ng6 15. b4 cxb4 16. axb4 h5 17. d4 Bxh3 18. dxe5 Qxd2 19. Rxd2 Bd7 20. exf6 Bxf6 21. Rd6 Ke7 22. Rfd1 Ne5 23. Nf3 Nxf3+ 24. gxf3 Be6 25. f4 Bg4 26. e5 Bg7 27. R1d2 Rad8 28. Ng3 gxf4 29. Bxf4 Rxd6 30. Rxd6 Rc8 31. f3 Bxf3 32. Nf5+ Kf7 33. e6+ Kf6 34. e7+ Kxf5 35. Rd8 Bf6 36. e8Q Rxd8 37. Qf7 Bd5 38. Qc7 Rg8+ 39. Kf1 Bd4 40. Bg3 Rg4 41. Ke2 h4 42. Be1 h3 43. Qh7+ Kf6 44. Qh6+ Kf7 45. Qxh3 Rg6 46. Qd7+ Kg8 47. Kd3 Bg7 48. c4 Bf7 49. Bf2 b5 50. cxb5 cxb5 51. Qxb5 a6 52. Qb8+ Kh7 53. Qb7 Rd6+ 54. Kc2 Bg6+ 55. Kb3 Bd3 56. Bg3 Rg6 57. Be5 Bb5 58. Qf7 Kh6 59. Bf4+ Kh7 60. Qf5 Bf6 61. Kc2 Kg7 62. Kd2 Bd4 63. Qd5 Bf6 64. Ke3 Kh7 65. Ke4 Rg1 66. Be3 Rf1 67. Qh5+ Kg7 68. Bh6+ Kh7 69. Bf4+ Kg7 70. Qd5 Kg6 71. Qg8+ Bg7 72. Qe6+ Bf6 73. Qg4+ Kf7 74. Kd5 Re1 75. Qh5+ Kf8 76. Qg6 Bg7 77. Qf5+ Kg8 78. Qc8+ Kh7 79. Qh3+ Kg8 80. Be3 Rf1 81. Qg4 Kh7 82. Ke6 Rf6+ 83. Ke7 Kg8 84. Qh5 Rf1 85. Qd5+ Kh7 86. Qg5 Bf6+ 1/2-1/2

[Event "RUS-chT Clubs U18"]
[Site "Rybinsk"]
[Date "2008.08.04"]
[Round "3"]
[White "Kretov, Evgenij"]
[Black "Nikolaev, Evgeny"]
[Result "1-0"]
[WhiteElo "2182"]
[BlackElo "2290"]
[PlyCount "81"]
[EventDate "2008.08.02"]
[EventType "team"]
[EventRounds "9"]
[EventCountry "RUS"]
[SourceTitle "CBM 125 Extra"]
[Source "ChessBase"]
[SourceDate "2008.09.01"]
[SourceVersion "1"]
[SourceVersionDate "2008.09.01"]
[SourceQuality "1"]

1. d4 Nf6 2. c4 g6 3. Nc3 Bg7 4. e4 d6 5. Be2 0-0 6. Nf3 e5 7. 0-0 Nc6 8. d5 Ne7 9. Ne1 Nd7 10. Be3 f5 11. f3 f4 12. Bf2 g5 13. a4 a5 14. Nd3 Ng6 15. c5 Rf7 16. cxd6 cxd6 17. Qb3 Bf8 18. Rfc1 Rg7 19. Nb5 g4 20. Nc7 g3 21. hxg3 fxg3 22. Be3 Nf4 23. Nxf4 exf4 24. Bxf4 Qh4 25. Qe3 Rb8 26. Ne6 Rf7 27. Bg5 Qh2+ 28. Kf1 Ne5 29. f4 h6 30. Ke1 Ng6 31. f5 hxg5 32. Qxg5 Bh6 33. Qxg6+ Kh8 34. Bf1 Bxe6 35. Qxe6 Rff8 36. Rc7 Rbe8 37. Qg6 Rxe4+ 38. Kd1 Rd4+ 39. Kc2 Rc4+ 40. Bxc4 Qxg2+ 41. Kb3 1-0

[Event "RUS-chT Clubs U18"]
[Site "Rybinsk"]
[Date "2008.08.02"]
[Round "1"]
[White "Goganov, Aleksey"]
[Black "Nikolaev, Evgeny"]
[Result "1-0"]
[WhiteElo "2382"]
[BlackElo "2290"]
[PlyCount "91"]
[EventDate "2008.08.02"]
[EventType "team"]
[EventRounds "9"]
[EventCountry "RUS"]
[SourceTitle "CBM 125 Extra"]
[Source "ChessBase"]
[SourceDate "2008.09.01"]
[SourceVersion "1"]
[SourceVersionDate "2008.09.01"]
[SourceQuality "1"]

1. d4 Nf6 2. c4 c5 3. d5 b5 4. cxb5 a6 5. bxa6 Bxa6 6. Nc3 d6 7. g3 g6 8. Bg2 Bg7 9. Nf3 Nbd7 10. Rb1 0-0 11. 0-0 Qb6 12. b3 Rfb8 13. Bd2 Ne8 14. a4 Nc7 15. Re1 e6 16. dxe6 fxe6 17. a5 Qa7 18. Ne4 d5 19. Nd6 Bf8 20. Bf4 Rb4 21. e4 Rab8 22. exd5 Nxd5 23. Bh3 Nxf4 24. gxf4 Nf6 25. Bxe6+ Kg7 26. Qd2 Nh5 27. Qc3+ Rd4 28. Nxd4 cxd4 29. Qc6 Nxf4 30. Bc4 Bxc4 31. bxc4 Qxa5 32. Qd7+ Kh6 33. Nf7+ Kh5 34. Rb5+ Rxb5 35. Qxb5+ Qxb5 36. cxb5 d3 37. b6 Bc5 38. b7 Ba7 39. Ne5 Nh3+ 40. Kg2 Nxf2 41. Nc6 d2 42. Rb1 Nd3 43. Nxa7 Nc1 44. b8Q d1Q 45. Rb5+ g5 46. Qe8+ 1-0

[Event "Cheliabinsk Postovalov Memorial 2nd"]
[Site "Cheliabinsk"]
[Date "2008.01.05"]
[Round "4"]
[White "Nikolaev, Evgeny"]
[Black "Matsenko, Elena"]
[Result "1/2-1/2"]
[WhiteElo "2282"]
[BlackElo "2060"]
[PlyCount "38"]
[EventDate "2008.01.02"]
[EventType "swiss"]
[EventRounds "9"]
[EventCountry "RUS"]
[SourceTitle "CBM 122 Extra"]
[Source "ChessBase"]
[SourceDate "2008.03.04"]
[SourceVersion "1"]
[SourceVersionDate "2008.03.04"]
[SourceQuality "1"]

1. e4 c5 2. f4 d5 3. exd5 Qxd5 4. Nc3 Qd8 5. Nf3 a6 6. d4 cxd4 7. Qxd4 Qxd4 8. Nxd4 e6 9. g3 Bd7 10. Bg2 Nc6 11. Nxc6 Bxc6 12. Bxc6+ bxc6 13. Ne4 0-0-0 14. Be3 Be7 15. Bc5 h5 16. Bxe7 Nxe7 17. Ng5 Rhf8 18. Nh7 Rfe8 19. Ng5 f6 1/2-1/2

[Event "Cheliabinsk Kibizov Memorial 2nd"]
[Site "Cheliabinsk"]
[Date "2007.07.08"]
[Round "8"]
[White "Baranovsky, Alexey"]
[Black "Nikolaev, Evgeny"]
[Result "1-0"]
[WhiteElo "2107"]
[BlackElo "2278"]
[PlyCount "79"]
[EventDate "2007.07.01"]
[EventType "swiss"]
[EventRounds "9"]
[EventCountry "RUS"]
[SourceTitle "EXT 2022"]
[Source "ChessBase"]
[SourceDate "2021.10.06"]
[SourceVersion "1"]
[SourceVersionDate "2021.10.06"]
[SourceQuality "1"]

1. c4 e5 2. Nc3 a6 3. g3 Bc5 4. Bg2 f5 5. d3 Nc6 6. a3 Nf6 7. Bg5 h6 8. Bxf6 Qxf6 9. Nd5 Qd8 10. b4 Ba7 11. e3 0-0 12. Ne2 Ne7 13. d4 Nxd5 14. Bxd5+ Kh8 15. dxe5 Qe7 16. Nf4 Kh7 17. Qh5 Qxe5 18. Qg6+ Kh8 19. Qxh6+ gxh6 20. Ng6+ Kg7 21. Nxe5 d6 22. Nd3 c6 23. Bf3 Be6 24. Rc1 Rad8 25. 0-0 Kf6 26. Rfd1 Rd7 27. Nf4 Bb8 28. h3 Rg8 29. b5 axb5 30. cxb5 cxb5 31. Nxe6 Rxg3+ 32. fxg3 Kxe6 33. e4 Ba7+ 34. Kg2 Be3 35. exf5+ Kf6 36. Rc3 Ba7 37. g4 Bb8 38. Rd5 Re7 39. Rxb5 Ba7 40. Rxb7 1-0

[Event "Cheliabinsk Kibizov Memorial 2nd"]
[Site "Cheliabinsk"]
[Date "2007.07.03"]
[Round "3"]
[White "Geshelin, Yuri"]
[Black "Nikolaev, Evgeny"]
[Result "0-1"]
[WhiteElo "2088"]
[BlackElo "2278"]
[PlyCount "30"]
[EventDate "2007.07.01"]
[EventType "swiss"]
[EventRounds "9"]
[EventCountry "RUS"]
[SourceTitle "EXT 2022"]
[Source "ChessBase"]
[SourceDate "2021.10.06"]
[SourceVersion "1"]
[SourceVersionDate "2021.10.06"]
[SourceQuality "1"]

1. e4 e5 2. Nf3 Nc6 3. Nc3 Nf6 4. d4 exd4 5. Nd5 Nxe4 6. Qe2 f5 7. Ng5 d3 8. cxd3 Nd4 9. Qh5+ g6 10. Qh4 c6 11. dxe4 cxd5 12. exd5 Qa5+ 13. Bd2 Qa4 14. b3 Nc2+ 15. Kd1 Qxh4 0-1

[Event "Rybinsk op"]
[Site "Rybinsk"]
[Date "2006.06.27"]
[Round "7"]
[White "Nikolaev, Evgeny"]
[Black "Dmitriev, Igor"]
[Result "1/2-1/2"]
[WhiteElo "2301"]
[BlackElo "2348"]
[PlyCount "103"]
[EventDate "2006.06.21"]
[EventType "swiss"]
[EventRounds "9"]
[EventCountry "RUS"]
[SourceTitle "EXT 2008"]
[Source "ChessBase"]
[SourceDate "2007.11.25"]
[SourceVersion "1"]
[SourceVersionDate "2007.11.25"]
[SourceQuality "1"]

1. d4 d5 2. c4 e6 3. Nc3 Nc6 4. Nf3 Bb4 5. e3 Nf6 6. Bd3 a6 7. a3 dxc4 8. Bxc4 Bd6 9. e4 e5 10. dxe5 Nxe5 11. Nxe5 Bxe5 12. Qxd8+ Kxd8 13. Bxf7 Rf8 14. Bc4 Bxc3+ 15. bxc3 Nxe4 16. 0-0 Bd7 17. Bd5 Bc6 18. Bxc6 bxc6 19. f3 Nd6 20. Bg5+ Kd7 21. Rfe1 Rae8 22. Rad1 c5 23. a4 Kc6 24. Be7 Rf4 25. Bxd6 Rxe1+ 26. Rxe1 Kxd6 27. Ra1 Kd5 28. a5 Rf7 29. Ra4 Kc6 30. c4 Rd7 31. Kf2 Rd2+ 32. Kg3 Rb2 33. Ra3 Rc2 34. Ra4 Rb2 35. Ra3 Rb4 36. Rc3 Ra4 37. f4 Rxa5 38. Re3 Ra4 39. Re7 Rxc4 40. Rxg7 Rc1 41. f5 Rf1 42. Kg4 c4 43. Rxh7 c3 44. Rh3 Rc1 45. f6 Kd7 46. Kg5 Rg1 47. Rd3+ Ke8 48. Rxc3 Rxg2+ 49. Kf5 Rf2+ 50. Ke6 Re2+ 51. Kf5 Rf2+ 52. Ke6 1/2-1/2

[Event "World School-ch U12"]
[Site "Chalkidiki"]
[Date "2005.04.27"]
[Round "8"]
[White "Kazantzidis, Ilias"]
[Black "Nikolaev, Evgeny"]
[Result "1-0"]
[WhiteElo "2004"]
[BlackElo "2245"]
[PlyCount "126"]
[EventDate "2005.04.22"]
[EventType "swiss"]
[EventRounds "9"]
[EventCountry "GRE"]
[SourceTitle "EXT 2008"]
[Source "ChessBase"]
[SourceDate "2007.11.25"]
[SourceVersion "1"]
[SourceVersionDate "2007.11.25"]
[SourceQuality "1"]

1. d4 d5 2. c4 c6 3. cxd5 cxd5 4. Nc3 Nc6 5. e4 dxe4 6. d5 Ne5 7. Qa4+ Bd7 8. Qxe4 Ng6 9. Nb5 Qb8 10. d6 Nf6 11. Qc2 Nd5 12. Bc4 e6 13. Bxd5 Bxb5 14. Qb3 Bd7 15. Bxb7 Bxd6 16. Bxa8 Qxa8 17. Nf3 0-0 18. Qd3 Qb8 19. Qb3 Qc7 20. 0-0 Bc6 21. h3 Rb8 22. Qc3 Qb7 23. Rd1 Bc7 24. b4 Bxf3 25. Qxf3 Qxf3 26. gxf3 Rxb4 27. Be3 h6 28. Rac1 Be5 29. Rd7 a5 30. Rc8+ Kh7 31. Rxf7 Rb1+ 32. Rc1 Rb2 33. f4 Kg8 34. Ra7 Bxf4 35. Rxa5 Bxe3 36. fxe3 Nh4 37. Rf1 Rg2+ 38. Kh1 Rg3 39. Re5 Rxh3+ 40. Kg1 Nf5 41. Rxe6 Nxe3 42. Rc1 Nf5 43. a4 Ra3 44. Ra6 Ra2 45. a5 Nd4 46. Rc7 Rd2 47. Ra8+ Kh7 48. Rf7 Kg6 49. Raa7 Kh5 50. a6 g5 51. Rab7 Ra2 52. a7 Nc6 53. Rfc7 Nxa7 54. Rxa7 Rb2 55. Rf7 Kg4 56. Rf2 Rb4 57. Rfa2 Rb1+ 58. Kg2 h5 59. R7a4+ Kf5 60. Ra5+ Kg6 61. Ra6+ Kf5 62. R2a5+ Kf4 63. Rf6+ Kg4 1-0

[Event "RUS-chT Clubs U18"]
[Site "Rybinsk"]
[Date "2004.08.??"]
[Round "1"]
[White "Gusakov, Pavel"]
[Black "Nikolaev, Evgeny"]
[Result "1-0"]
[WhiteElo "2175"]
[BlackElo "2162"]
[PlyCount "43"]
[EventDate "2004.08.??"]
[EventType "team-tourn"]
[EventRounds "9"]
[EventCountry "RUS"]
[SourceTitle "EXT 2005"]
[Source "ChessBase"]
[SourceDate "2004.11.15"]
[SourceVersion "1"]
[SourceVersionDate "2004.11.15"]
[SourceQuality "1"]

1. e4 c5 2. Nf3 Nc6 3. Bb5 Nf6 4. Nc3 g6 5. e5 Nh5 6. d3 d6 7. exd6 Qxd6 8. Ne4 Qc7 9. 0-0 Qb6 10. Re1 Be6 11. Bc4 Nd4 12. c3 Nxf3+ 13. Qxf3 Bxc4 14. dxc4 Bg7 15. Bg5 Be5 16. Ng3 Bf6 17. Nxh5 Bxg5 18. Ng7+ Kd7 19. Qd5+ Kc8 20. Qxg5 e6 21. Qf6 Rf8 22. Nxe6 1-0

[Event "RUS-chT Clubs U18"]
[Site "Rybinsk"]
[Date "2004.08.??"]
[Round "4"]
[White "Nikolaev, Evgeny"]
[Black "Papin, Vasily"]
[Result "0-1"]
[WhiteElo "2162"]
[BlackElo "2394"]
[PlyCount "56"]
[EventDate "2004.08.??"]
[EventType "team-tourn"]
[EventRounds "9"]
[EventCountry "RUS"]
[SourceTitle "EXT 2005"]
[Source "ChessBase"]
[SourceDate "2004.11.15"]
[SourceVersion "1"]
[SourceVersionDate "2004.11.15"]
[SourceQuality "1"]

1. d4 d5 2. c4 e6 3. Nc3 c6 4. e4 dxe4 5. Nxe4 Bb4+ 6. Bd2 Qxd4 7. Bxb4 Qxe4+ 8. Be2 Na6 9. Bc3 f6 10. Nf3 Ne7 11. 0-0 0-0 12. Bd3 Qg4 13. Qc2 Ng6 14. h3 Qh5 15. Rfe1 Nf4 16. Bf1 Nxh3+ 17. gxh3 Qxf3 18. Re3 Qh5 19. Kh2 e5 20. Be2 Qh4 21. Rg3 Be6 22. Rag1 Rf7 23. b3 Nc5 24. f3 Rd8 25. Bf1 Qf4 26. Kh1 Bf5 27. Qg2 Rdd7 28. Qf2 Ne4 0-1

[Event "RUS-chT Clubs U18"]
[Site "Rybinsk"]
[Date "2004.08.??"]
[Round "2"]
[White "Nikolaev, Evgeny"]
[Black "Rozhkov, Viacheslav"]
[Result "0-1"]
[WhiteElo "2162"]
[BlackElo "2101"]
[PlyCount "52"]
[EventDate "2004.08.??"]
[EventType "team-tourn"]
[EventRounds "9"]
[EventCountry "RUS"]
[SourceTitle "EXT 2005"]
[Source "ChessBase"]
[SourceDate "2004.11.15"]
[SourceVersion "1"]
[SourceVersionDate "2004.11.15"]
[SourceQuality "1"]

1. d4 d5 2. c4 dxc4 3. e3 e6 4. Bxc4 Nf6 5. Nf3 c5 6. 0-0 a6 7. a4 Nbd7 8. Nc3 Bd6 9. e4 cxd4 10. Nxd4 Bxh2+ 11. Kxh2 Qc7+ 12. f4 Qxc4 13. e5 Ng4+ 14. Qxg4 Qxf1 15. Nxe6 Nxe5 16. Qxg7 Ng4+ 17. Qxg4 Bxe6 18. Qg5 h6 19. Qg3 0-0-0 20. Ne4 Rhg8 21. Qc3+ Kb8 22. Ng3 Qf2 23. Ra3 Rd1 24. Qe3 Qxe3 25. Bxe3 Rg4 26. Ne2 Bd5 0-1